MDQL
is popping MORE tags! Check the
thread
!
Quizzes
Events
Quiz Creation
Community
Videos
Private Events
Remove Ads
Sign In
Join for FREE
Feedback
Dark Mode
Quiz Categories
Sports
Geography
Music
Movies
Television
Just For Fun
Miscellaneous
History
Literature
Language
Science
Gaming
Entertainment
Religion
Holiday
For Kids
Quiz Lab
Recent
Popular Today
Quiz Kudos Today
Editor Picks
Curator Picks
Quizzes by...
Day
Popularity
Type
Ratings
Length
Year
Community
Subscriptions
Recent Discussions
Orange Saloon
Badges
Playlists
Quests
Create
Leaderboards
Showdown
Live 5
Trivia Bingo
Activity
Puzzle Library
Sporcle Events
Private Events
Virtual Trivia
Globe League
Become a Host
Pub Owners
SporcleCon
Opinionation
Our Games
Videos
Blog
Mobile Apps
Partnerships
Remove Ads and Go Orange
Feedback
Sports
Athletes
MLB
NBA
NHL
NFL
Soccer
Sports Teams
WWE
NCAA
Football
Premier League
Basketball
Baseball
Hockey
Golf
Tennis
Cricket
Rugby
Auto Racing
Olympics
World Cup
Sports
Athletes
MLB
NBA
NHL
NFL
Soccer
Sports Teams
WWE
NCAA
Football
Premier League
Basketball
Baseball
Hockey
Golf
Tennis
Cricket
Rugby
Auto Racing
Olympics
World Cup
Random Quiz
Search Sporcle
×
Quiz Lab
Quiz Lab
Sports
NHL
Type in answers that appear in a list
Type in answers that appear in a list
Classic
Best Score? Go Orange.
NHL Top Scorers 14/15 Stats
Can you name the NHL Top Scorers 14/15?
By
hpe0415
6m
25 Questions
83 Plays
83 Plays
83 Plays
Comments
Comments
Give Quiz Kudos
Give Quiz Kudos
-
- Ratings
hide this ad
Replay
Link that replays current quiz
Next Quiz
Link to next quiz in quiz playlist
You Got
0%
They Got
Avg Score
71%
Avg Friend Score
Upgrade to see
Score Distribution
Jump to the score distribution portion of the page
Score
0/25
Timer
06:00
0
Plays Today
Goals+Assist=Points
Player
% Correct
53+28=81
Alexander Ovechkin
97.6%
28+56=84
Sidney Crosby
95.2%
35+52=87
Jamie Benn
92.8%
18+60=78
Nicklas Bäckström
88%
37+40=77
Tyler Seguin
85.5%
43+29=72
Steven Stamkos
85.5%
28+42=70
Evgeni Malkin
84.3%
20+56=76
Daniel Sedin
83.1%
38+48=86
John Tavares
81.9%
18+55=73
Henrik Sedin
81.9%
28+38=66
Jonathan Toews
81.9%
25+45=70
Ryan Getzlaf
77.1%
25+48=73
Claude Giroux
74.7%
Goals+Assist=Points
Player
% Correct
21+45=66
Erik Karlsson
72.3%
42+27=69
Rick Nash
71.1%
37+33=70
Joe Pavelski
67.5%
22+59=81
Jakub Voracek
62.7%
17+49=66
Henrik Zetterberg
62.7%
37+36=73
Vladimir Tarasenko
60.2%
92+43=72
Tyler Johnson
57.8%
37+30=67
Max Pacioretty
51.8%
31+45=76
Jiri Hudler
48.2%
27+40=67
Logan Couture
45.8%
31+42=73
Nick Foligno
41%
26+45=71
Ryan Johansen
39.8%
Quiz Playlist
Details
Report
Send in Message
Add To Playlist
Classic:
Type in answers that appear in a list
Quiz Source
Last Updated: Feb 16, 2017
Quiz Scoreboard
CHALLENGE
Sign Up to Join the Scoreboard
Show All
Scores
Hide
Comments
May contain spoilers
Recently Published
Image Sorting: Flags VI
by Barbecue
Geography
2m
Find the 'City' Movie
by crazypaving
Movies
60s
5x2 Blitz: Bands
by SL_Kpop136
Music
30s
More to Explore
Quiz From the Vault
Featured Blog Post
14 Easter Pick-up Lines to Find Eggs With
hide this ad
You Might Also Like...
Tags
NHL Quiz
assist
goal
Player
point
Scorer
team
Top Scorers
Today's Top Quizzes in Sports
Browse Sports
hide this ad
Today's Top Quizzes in NHL
Browse NHL
Top Contributed Quizzes in Sports
1
Les meilleurs buteurs des matchs entre le PSG et l’OM
2
Les entraîneurs de l'OM et du PSG au 21e siècle
3
Les joueurs passés par le PSG et l'OM
4
2022 World Cup Stars
5
Players with Multiple 50 Home Run Seasons
6
Criteria MLB: Left Handed Sluggers
7
MLB Players with Two .350 Batting Average Seasons
8
Les joueurs passés par le LOSC et le RC Lens
9
NBA Logic Puzzle 2.0
10
Top 10 NHL Goal Scorers of All Time
Explore More
Trending Topics
NBA
Disney
Marvel
Harry Potter
Crossword
Kpop
Anime
Soccer
Country
NFL
Song
The Office
Puzzle
WWE
Pokémon
hide this ad
More By:
hpe0415
Quiz
Plays
Rating
Category
Featured
Created
Clash Royale Cards
37,351
4.47
Gaming
Feb 2, 2016
Clash Royale Cards by Pictures
11,330
4.00
Gaming
Feb 20, 2017
SHL 30-Goal Scorers
873
5.00
Sports
Feb 12, 2017
SHL 40+ assists in a season
780
5.00
Sports
Feb 12, 2017
NHL Abbreviations
766
3.00
Sports
Apr 13, 2015
Go to Creator's Profile
Score Distribution
Quiz Creator Spotlight
hpe0415
Follow
Send a Message
Quizzes Created
-
Created Quiz Play Count
-
More By This Creator
Popular Quizzes Today
1
Colored Red Africa Blitz
2
Find the US States - No Outlines Minefield
3
Find the 'City' Movie
4
5x2 Blitz: Bands
5
The Countries of the World
6
Find the US States
7
Find the Countries of Europe - No Outlines Minefield
8
US States
More Sports Quizzes
Jacques Kallis' Partners in Century Test Stands
Quiz Lab
Trending Quizzes
Colored Red Europe Blitz I
Colored Red Europe Blitz II
Colored Red Africa Blitz II
Colored Red Europe Blitz III
Colored Red Africa Blitz III
Recently Updated
How Do You Spell That?
pecheneg
Godzilla Movies
pecheneg
Grab Bag: 4-10 Letters
pecheneg
2024 March Madness Bracket
pecheneg
Famous TV Couples
Peacemaker
Champions League XIs: Real Madrid
pecheneg
Largest US Cities 1790-2010
pecheneg
Rides in Walt Disney World
pecheneg
Most Oscar Losses (Acting)
pecheneg
Beyoncé Albums
pecheneg
Trending Topics
Crossword
NBA
Anime
Marvel
Disney
Harry Potter
Kpop
Pokémon
Soccer
The Office
WWE
Country
NFL
Song
Puzzle
Your Account Isn't Verified!
In order to create a playlist on Sporcle, you need to verify the email address you used during registration. Go to your
Sporcle Settings
to finish the process.
Report this User
Report this user for behavior that violates our
Community Guidelines
.
Details:
Send Report
Go to the Sporcle.com Mobile Site →
Comments